| 000 | 01353cam a2200289 4500 | ||
|---|---|---|---|
| 001 | |||
| 008 | 020425n2002 000 0 eng u | ||
| 020 | _a1898671281 | ||
| 035 | _a(Sirsi) u120049 | ||
| 050 |
_a690.068 _c21 |
||
| 110 |
_aStrategic Forum for Construction _94358 |
||
| 245 |
_aAccelerating change _ba report by the Strategic Forum for Construction chaired by Sir John Egan _h[electronic resource] |
||
| 260 |
_aLondon _bRethinking Construction _c2002 |
||
| 300 |
_a42p. _c30cm. |
||
| 350 | _a15 | ||
| 520 | _aBuilding on and reaffirming the principles set out in "Rethinking construction" (ISBN 1851120947) this report sets out a vision and strategic targets for the UK construction industry. The report also commits the Strategic Forum for Construction and the Construction Best Practice Programme to a number of actions and makes recommendations regarding client leadership, education, health and safety and insolvency. | ||
| 650 | _aACCELERATING CHANGE | ||
| 650 | _aCONSTRUCTION INDUSTRY | ||
| 650 | _aDISPUTES | ||
| 650 | _aEGAN REFORMS | ||
| 650 | _aKEY PERFORMANCE INDICATORS | ||
| 650 | _aLATHAM REFORMS | ||
| 650 | _aPAYMENT PROCEDURES | ||
| 690 | _aBUILT ENVIRONMENT | ||
| 856 |
_uhttps://www.strategicforum.org.uk/pdf/report_sept02.pdf _z View this item free of charge at www.strategicforum.org.uk |
||
| 942 | _n0 | ||
| 999 |
_c102463 _d102463 |
||